| 000 | 02436cam a22005174i 4500 | ||
|---|---|---|---|
| 003 | PE-LiUPU | ||
| 005 | 20250731165603.0 | ||
| 008 | 150625s2007 ag a rb 000 0 spa d | ||
| 020 | _a9789871004430 | ||
| 035 | _a(Sirsi) i9789871004430 | ||
| 040 |
_aPE-LiUPU _bspa _cPE-LiUPU _erda |
||
| 049 | _aPRUA | ||
| 082 | 0 | 4 |
_a070.44 _bP45 _221 |
| 100 | 1 |
_aPeralta, Dante A. J. , _eautor. |
|
| 245 | 1 | 3 |
_aLa crónica periodística : _blectura crítica y redacción / _cDante A. J. Peralta y Marta Urtasun. |
| 250 | _a2a edición. | ||
| 264 | 1 |
_aBuenos Aires : _bLa Crujía, _c2007. |
|
| 300 |
_a243 páginas : _bilustraciones, cuadros ; _c20 centímetros |
||
| 336 |
_atext _2rdacontent |
||
| 337 |
_aunmediated _2rdamedia |
||
| 338 |
_avolume _2rdacarrier |
||
| 504 | _aIncluye bibliografía. | ||
| 505 | 0 | _aLa crónica periodística: introducción y caraterización. -Los géneros periodísticos. -Clasificación de los géneros periodísticos. -La crónica periodística. -El formato de la crónica. -El cuerpo textual de la crónica. -El cuerpo textual de la crónica. -El cuerpo textual de la crónica. -Nivel textual. -Capitulo I. La secuencia testual narrativa. -Capítulo II. La secuencia textual desdriptiva. -Capítulo III La secuencia testual argumentariva. -Nivel discursivo. -Conceptos generales. -El discurso referido. -Selección del léxico: los subjetivemas. -Las actitudes del sujeto: las modalidades. -Secuencias textuales y efectos de sentido. -Géneros complementarios de la crónica. | |
| 526 | _aSEG44 | ||
| 526 | _aSEG26 | ||
| 526 | _aP151 | ||
| 526 | _aP150 | ||
| 526 | _aP149 | ||
| 526 | _aP146 | ||
| 526 | _aP145 | ||
| 526 | _aP126 | ||
| 526 | _aP125 | ||
| 526 | _aP92 | ||
| 526 | _aP75 | ||
| 526 | _aP74 | ||
| 526 | _aP27 | ||
| 526 | _aP15 | ||
| 541 | _g001-0029256; | ||
| 650 | 0 | 4 | _aInvestigación periodística. |
| 910 |
_bjv _cng _d20081217 |
||
| 942 |
_2ddc _cBOOK |
||
| 949 |
_a070.44 P45 _wDEWEY _c1 _i59190 _d2016-3-28 _e2016-3-21 _lCCODEBUL1 _mBUL _n2 _p18.00 _r0 _sY _tBOOK _u2015-6-25 _xEDUCACION _PP07 _0COMPRA _o.STAFF. Colección General |
||
| 994 |
_aC0 _bPEPRU |
||
| 596 | _a1 | ||
| 999 |
_a070.44 P45 _wDEWEY _c48001 _i59190 _d48001 _e2018-5-20 _f2021-11-30 _g5 _lCCODEBUL1 _mBUL _n3 _p18.00 _q1 _r0 _sY _tBOOK _u2015-6-25 _xEDUCACION _PP07 _0COMPRA _o.STAFF. Colección General |
||
| 980 |
_81 _gALBERTO SANCHEZ Responsable de Automatización |
||